Instituciones del derecho administrativo español
Salvato in:
| Autore principale: | |
|---|---|
| Natura: | Libro |
| Lingua: | spagnolo |
| Pubblicazione: |
Madrid
Vicente de Lalama
1843
|
| Soggetti: | |
| Tags: |
Aggiungi Tag
Nessun Tag, puoi essere il primo ad aggiungerne!!
|
MARC
| LEADER | 00000nam a2200000 a 4500 | ||
|---|---|---|---|
| 001 | UCL1287 | ||
| 003 | CL-VaPUC | ||
| 008 | 030905e18430000SP |||||||||||||||||spa|d | ||
| 082 | 0 | 4 | |a 342.46 |b GOM |2 21 |
| 100 | |a Gómez de la Serna, Pedro |e author |9 478209 | ||
| 245 | 1 | 0 | |a Instituciones del derecho administrativo español |
| 300 | |a v | ||
| 942 | |c BK | ||
| 945 | |d 20030905 00:00:00 |a cmena | ||
| 260 | |a Madrid |b Vicente de Lalama |c 1843 | ||
| 650 | 0 | |a Derecho español |9 255291 | |
| 650 | 0 | |a Derecho administrativo |9 254851 | |
| 650 | 0 | |a Administración pública |9 255343 | |
| 583 | |a last modification |c 20030905 00:00:00 |k Rodrigo Vera | ||
| 999 | |c 304929 |d 304927 | ||
| 952 | |0 0 |1 0 |4 0 |6 342_460000000000000_GOM_1843 |7 0 |8 DER_HIS |9 367790 |a BIBDER |b BIBDER |d 2019-11-21 |h v.1 |i 2080095 |l 1 |o 342.46 GOM 1843 |p 2080095 |r 2023-10-02 |s 2023-10-02 |w 2019-11-21 |x Ubicación 4to Piso |y BK_X |z Estos recursos deben solicitarse con anticipación |k DER | ||
| 952 | |0 0 |1 0 |4 0 |6 342_460000000000000_GOM_1843 |7 0 |8 DER_HIS |9 367791 |a BIBDER |b BIBDER |d 2019-11-21 |h v.2 |i 2080109 |l 1 |o 342.46 GOM 1843 |p 2080109 |r 2023-10-02 |s 2023-10-02 |w 2019-11-21 |x Ubicación 4to Piso |y BK_X |z Estos recursos deben solicitarse con anticipación |k DER | ||